ბათუმის შოთა რუსთაველის სახელმწიფო უნივერსიტეტის ბიბლიოთეკა

Neural Networks : (ბიბ.ჩანაწერი № 54249)

000 -LEADER
fixed length control field 00942nam a2200277Ia 4500
001 - CONTROL NUMBER
control field 21305
003 - CONTROL NUMBER IDENTIFIER
control field GE_BSU
005 - DATE AND TIME OF LATEST TRANSACTION
control field 20240328123800.0
008 - FIXED-LENGTH DATA ELEMENTS--GENERAL INFORMATION
fixed length control field 181216s2012||||enk|||||||||||||| ||eng||
020 ## - INTERNATIONAL STANDARD BOOK NUMBER
International Standard Book Number 9783642352881
040 ## - CATALOGING SOURCE
Transcribing agency GE_BSU
041 ## - LANGUAGE CODE
Language code of text/sound track or separate title egn
080 ## - UNIVERSAL DECIMAL CLASSIFICATION NUMBER
Universal Decimal Classification number 004.16 M-82
100 ## - MAIN ENTRY--PERSONAL NAME
Personal name Montavon, Grégoire
9 (RLIN) 21617
245 ## - TITLE STATEMENT
Title Neural Networks :
Remainder of title Tricks of the Tricks of the Trade /
Statement of responsibility, etc. Gregoire Montavon, Genevieve Orr, Klaus-Robert Muller.
250 ## - EDITION STATEMENT
Edition statement Second edition
264 ## - PRODUCTION, PUBLICATION, DISTRIBUTION, MANUFACTURE, AND COPYRIGHT NOTICE
Place of production, publication, distribution, manufacture Berlin :
Name of producer, publisher, distributor, manufacturer Springer,
Date of production, publication, distribution, manufacture, or copyright notice 2012.
300 ## - PHYSICAL DESCRIPTION
Extent 769 p. ;
Dimensions 24 cm.
653 ## - INDEX TERM--UNCONTROLLED
keyword საინფორმაციო ტექნოლოგიები
653 ## - INDEX TERM--UNCONTROLLED
keyword Ნეირონული ქსელები
700 ## - ADDED ENTRY--PERSONAL NAME
Personal name Montavon, Gregoire
Relator term ავტორი
9 (RLIN) 12732
700 ## - ADDED ENTRY--PERSONAL NAME
Personal name Orr, Genevieve
Relator term ავტორი
9 (RLIN) 12733
700 ## - ADDED ENTRY--PERSONAL NAME
Personal name Muller, Klaus-Robert
Relator term ავრორი
9 (RLIN) 12734
942 ## - ADDED ENTRY ELEMENTS (KOHA)
Koha item type წიგნი
Source of classification or shelving scheme
ეგზემპლარები
Withdrawn status Lost status Source of classification or shelving scheme Damaged status Not for loan Permanent Location Current Location Shelving location Date acquired Cost, normal purchase price Full call number Barcode Date last seen Copy number Price effective from Koha item type Public note
          ბათუმის შოთა რუსთაველის სახელმწიფო უნივერსიტეტის მთავარი ბიბლიოთეკა ბათუმის შოთა რუსთაველის სახელმწიფო უნივერსიტეტის მთავარი ბიბლიოთეკა წიგნსაცავი 2018-12-17 342.00 004.16 M-82 55229 2018-12-17 55229 2018-12-17 წიგნი 342.00 GEL.